TAMU

Daniel Neylon, Dimitris Kalafatis, Dwight Solano, Robbie Hahn


Ancient History and Archaeology220.00100%100%0%
Beliefs1210.0075%17%8%
British and Commonwealth History130.00100%100%100%
Current Events215.00100%50%0%
Fine Arts - Auditory Fine Arts58.0080%0%0%
Fine Arts - Visual Fine Arts410.00100%0%0%
Geography10.000%0%0%
History - American History516.00100%60%0%
History - European History313.3367%67%0%
History - World History712.8686%43%0%
Literature - American Literature512.0060%60%0%
Literature - British Literature912.2289%11%22%
Literature - European Literature110.00100%0%0%
Other Academic323.33100%100%33%
Other Arts: Auditory33.3333%0%0%
Other Arts: Visual313.33100%33%0%
Other Science: Computer Science110.00100%0%0%
Other Science: Earth Science25.0050%0%0%
Other Science: Math10.000%0%0%
Philosophy610.0083%17%0%
Science - Biology310.0067%33%0%
Science - Chemistry611.6767%33%17%
Science - Physics410.0075%25%0%
Social Science56.0040%20%0%
World and Other Literature215.0050%100%0%